00491nam a2200193 a 4500001001300000003000900013005001700022008004100039020001400080082001600094100001700110245002800127260003100155300000900186500003500195505003400230650001600264700001700280nice12345678IN_TiNIC20260116011704.0050524s1979 puna grp 000 0 eng  ac1001.6500a340.59bPEA aPearl, David aText Book on Muslim Law aPunjabblitracy unitc1979 a317p aincludes index and biblioraphy2 aAppendex, Bibliography, Index aIslamic-Law1 aPearl, David